|
|
|
|
| LEADER |
00000nam0a2200000 4500 |
| 001 |
336063 |
| 005 |
20231102004822.0 |
| 010 |
|
|
|a 9785811412853
|
| 035 |
|
|
|a (RuTPU)RU\TPU\book\362479
|
| 090 |
|
|
|a 336063
|
| 100 |
|
|
|a 20171009d2012 m y0rusy50 ca
|
| 101 |
0 |
|
|a rus
|
| 102 |
|
|
|a RU
|
| 105 |
|
|
|a a j 001zy
|
| 200 |
1 |
|
|a Каменные работы
|e учебник
|f И. И. Ищенко
|
| 205 |
|
|
|a 7-е изд., стер.
|
| 210 |
|
|
|a Санкт-Петербург
|c Лань
|d 2012
|
| 215 |
|
|
|a 240 с.
|c ил.
|
| 225 |
1 |
|
|a Учебники для вузов. Специальная литература
|
| 320 |
|
|
|a Библиогр.: с. 236
|
| 330 |
|
|
|a В учебнике изложены сведения о частях зданий, гидроизоляции каменных конструкций. Приведены основные принципы и методы каменных, кирпичных, бутовых и бутобетонных кладок, кладок из керамических и искусственных камней. Рассматриваются геодезические работы на стройках, монтажные работы при возведении каменных зданий, производство каменных и монтажных работ зимой, ремонт и восстановление каменных конструкций, организация производства и труда на стройках. Учебник предназначен для учащихся строительных специальностей учреждений начального профессионального образования.
|
| 606 |
1 |
|
|a Каменные работы
|2 stltpush
|3 (RuTPU)RU\TPU\subj\13588
|9 40172
|
| 610 |
1 |
|
|a строительство
|
| 610 |
1 |
|
|a строительные работы
|
| 610 |
1 |
|
|a каменная кладка
|
| 610 |
1 |
|
|a кирпичная кладка
|
| 610 |
1 |
|
|a бутобетонная кладка
|
| 610 |
1 |
|
|a керамические камни
|
| 610 |
1 |
|
|a искусственные камни
|
| 610 |
1 |
|
|a каменные конструкции
|
| 610 |
1 |
|
|a гидроизоляция
|
| 610 |
1 |
|
|a монтажные работы
|
| 610 |
1 |
|
|a ремонт
|
| 610 |
1 |
|
|a восстановление
|
| 610 |
1 |
|
|a безопасность
|
| 610 |
1 |
|
|a учебники
|
| 675 |
|
|
|a 693.1(075.32)
|v 4
|
| 700 |
|
1 |
|a Ищенко
|b И. И.
|g Иван Иванович
|
| 801 |
|
1 |
|a RU
|b 63413507
|c 20171009
|
| 801 |
|
2 |
|a RU
|b 63413507
|c 20171016
|g RCR
|
| 942 |
|
|
|c BK
|